000 00477nam a2200121Ia 4500
008 171212s9999 xx 000 0 und d
020 _a9780833081650
100 _aDrew, John G.;McGarvey, Ronald G.;Buryk, Peter
245 _cDrew, John G.;McGarvey, Ronald G.;Buryk, Peter
_aEnabling Early Sustainment Decisions
_bApplication to F-35 Depot-Level Maintenance
260 _bRAND Corporation
_c2013
650 _aBusiness
856 _uhttp://www.jstor.org/stable/10.7249/j.ctt5vjwp2
999 _c352002
_d352002